LEADER 00880nam0 22002653i 450 001 CSA0047157 005 20231121125458.0 010 $a2070707288 100 $a20161114d1986 ||||0itac50 ba 101 | $afre 102 $afr 181 1$6z01$ai $bxxxe 182 1$6z01$an 200 1 $aAffrontements$fHenri Michaux 210 $a[Paris]$cGallimard$d1986 215 $a278 p.$cill., facsimili$d22 cm. 700 1$aMichaux$b, Henri$3CFIV048409$4070$0201936 801 3$aIT$bIT-01$c20161114 850 $aIT-FR0017 899 $aBiblioteca umanistica Giorgio Aprea$bFR0017 912 $aCSA0047157 950 0$aBiblioteca umanistica Giorgio Aprea$d 52CIS 12/438$e 52VM 0000758325 VM barcode:00073574. - Inventario:12702 MAGVM$fA $h20090521$i20121204 977 $a 52 996 $aAffrontements$9155903 997 $aUNICAS LEADER 01188nam0 22002771i 450 001 UON00421550 005 20231205104825.930 100 $a20130402f1978 |0itac50 ba 101 $afre 102 $aFR 105 $a|||| 1|||| 200 1 $aAndré Gide et le premier groupe de La Nouvelle Revue Francaise$ela formation du groupe et les années d'apprentissage 1890-1919$fAuguste Angles 210 $aParis$cGallimard$d c1978 215 $a478 p.$d23 cm. 410 1$1001UON00020442$12001 $aBibliothèque des idées$1210 $aParis$cGallimard$d19 - v. ; 22 cm 606 $aGIDE ANDRE'$3UONC043158$2FI 620 $aFR$dParis$3UONL002984 676 $a801.95$cCritica letteraria$v21 700 1$aANGLES$bAuguste$3UONV214877$0245148 712 $aGallimard$3UONV246610$4650 801 $aIT$bSOL$c20240220$gRICA 899 $aSIBA - SISTEMA BIBLIOTECARIO DI ATENEO$2UONSI 912 $aUON00421550 950 $aSIBA - SISTEMA BIBLIOTECARIO DI ATENEO$dSI Francese VI B GID ANG $eSI LO 26835 5 $sBuono 996 $aAndre Gide et le premier groupe de la Nouvelle Revue Francaise$9655098 997 $aUNIOR